[Event "EU-chT (Men) 12th"]
[Site "Batumi"]
[Date "1999.12.02"]
[Round "4.2"]
[White "Efimov, Igor"]
[Black "Milov, Vadim"]
[Result "0-1"]
[WhiteElo "2445"]
[BlackElo "2626"]
[Annotator "Milov,V"]
[PlyCount "76"]
[EventDate "1999.11.06"]
[EventType "team-swiss"]
[EventRounds "9"]
[EventCountry "GEO"]
[SourceTitle "CBM 074"]
[Source "ChessBase"]
[SourceDate "2000.02.01"]
[SourceVersion "1"]
[SourceVersionDate "2000.02.01"]
[SourceQuality "1"]
[WhiteTeam "Italy"]
[BlackTeam "Switzerland"]
[WhiteTeamCountry "ITA"]
[BlackTeamCountry "SUI"]

1. d4 {Alterman} Nf6 2. Bg5 c5 3. d5 Ne4 4. Bf4 Qb6 5. Bc1 g6 6. f3 Nd6 {
'!' Alterman. Alterman: 'better than Nf6.'} (6... Nf6 $5 {Alterman} 7. e4 (7.
Nh3 Bg7 8. e4 O-O 9. c4 (9. Be2 d6 10. Nf2 e6 11. c4 Na6 12. O-O exd5 13. cxd5
Qd8 14. Nc3 Nc7 15. a4 a6 16. Bg5 h6 {The game transformated to Zemish
variation of King Indian defence.} 17. Be3 $14 {1/2-1/2 Rabinovich,A-Roeder,M/
FSGM June, Budapest HUN 1998 (46)}) 9... e6 (9... d6 10. Nf2 e5 11. Nc3 Nh5 12.
g3 f5 13. Be2 f4 14. g4 Nf6 15. a3 Qd8 16. b4 $14 {0-1 Roland,M-Tsuboi,E/
Brasilia BRA 1999 (71)} (16. h4 $14)) 10. Nc3 exd5 11. cxd5 d6 12. Nf2 Nbd7 13.
Be2 a6 14. O-O Rb8 15. a4 Ne8 {1/2-1/2 Hodgson,J-Marinkovic,I/Cacak 1996/CBM
57/ (15)} 16. a5 $14 {[%cal Gc1e3]}) 7... d6 8. c4 (8. Nc3 Bg7 9. Nge2 (9. a4
a6 10. a5 Qa7 11. Bc4 Nbd7 12. Nge2 O-O 13. O-O Ne5 14. b3 Nxc4 15. bxc4 Nd7
16. Bb2 Ne5 $17 {0-1 Adams,M-Shirov,A/Hoogovens Blitz, Wijk aan Zee NED 1998 
(74)}) 9... O-O 10. g4 e6 11. Nf4 Re8 12. h4 Na6 13. h5 Nc7 14. hxg6 hxg6 15.
Kf2 a6 (15... exd5 16. exd5 (16. g5) 16... Bd7 17. a4 (17. g5 Nh7 18. Bh3 Bxh3
19. Nxh3 c4+ $17) 17... Re5 18. a5 Qb4 $132) 16. Kg2 Bd7 17. a4 e5 18. Nd3 c4
19. Nf2 $16 {1-0 Van Der Wiel John T H-Gruenfeld,Y/Amsterdam 1982 (25)}) (8. b3
Bg7 9. Bb2 Qa5+ 10. Bc3 Qc7 11. Bc4 O-O 12. Ne2 a6 13. a4 Nbd7 14. O-O Ne5 $132
{1/2-1/2 Kouatly-Jordan/Simul Lyon 1990 (36)}) 8... Bg7 9. Nc3 O-O 10. Nge2 (
10. Bd3 e6 11. Nge2 (11. dxe6 fxe6 12. Nge2 Nc6 $11 {1/2-1/2 Vatter,H-Lingnau,
C/BL 1994 (46)}) 11... Nbd7 12. O-O Ne5 $11) 10... e6 11. g4 (11. Ng3 exd5 12.
cxd5 Nbd7 13. Be2 h5 14. a4 a6 15. a5 Qc7 16. O-O Re8 17. Rf2 Rb8 18. Nf1 Ne5
19. Ne3 $132) 11... exd5 12. exd5 Re8 13. Kf2 Nbd7 14. Ng3 h5 15. gxh5 Nxh5 16.
Nxh5 Bd4+ 17. Kg2 gxh5 18. Qd2 Ne5 19. Qg5+ Ng6 20. f4 Re7 21. Bd3 f6 22. Qxh5
Rh7 23. Qxg6+ Rg7 24. f5 Rxg6+ 25. fxg6 $44 {1/2-1/2 Alburt,L-Browne,W/
Santiago 1981/Inf 32 (41)}) 7. Nc3 (7. e4 {Alterman} Bg7 8. Nd2 (8. c3 O-O 9.
Na3 f5 10. exf5 Nxf5 11. Qb3 Qf6 12. Nh3 Kh8 13. Bg5 Qf7 14. Nb5 Na6 15. O-O-O
d6 16. Bc4 Nh4 $1 $15 {0-1 Miltner,A-Lanka,Z/BL 1996 (27)}) 8... O-O 9. f4 e6
10. e5 Nf5 11. Nc4 Qd8 12. Nf3 (12. Ne3 $2 Qh4+ (12... Nxe3 13. Bxe3 d6 14. Nf3
dxe5 15. dxe6 Bxe6 16. Nxe5 Nd7 17. Nxd7 Bxd7 18. c3 Qh4+ 19. g3 Qe7 20. Kf2
Rfe8 21. Qe2 Bb5 $17 {0-1 Legky,N-Rotstein,A/Cannes 1992 (58)}) 13. g3 Nxg3 14.
Nf3 Qh5 15. Rg1 Nxf1 16. Nxf1 f6 $17) 12... b5 13. Ne3 Bb7 14. Nxf5 exf5 15.
Be3 Re8 16. Qd2 (16. Bxc5 d6 $1) 16... c4 17. O-O-O d6 18. Be2 $14) 7... Bg7 8.
Nh3 {'=/+?!' Alterman.} (8. e3 $6 {Alterman} c4 (8... O-O 9. Nh3 Qc7 10. a4 b6
11. Nf2 f5 12. Be2 e5 13. e4 f4 14. a5 Ba6 15. O-O Qb7 {1/2-1/2 Hodgson,
J-Turner,M/Oxford 1998/CBM 69/ (15)}) 9. Nh3 Na6 10. Be2 Nc7 11. Nf2 Qa5 12. e4
(12. Bd2 Nxd5 $17) (12. Qd2 Bxc3 13. bxc3 Nxd5 $17) 12... Ncb5 13. O-O Nxc3 14.
bxc3 Bxc3 $17 {1-0 Kinsman,A-Berthelot,Y/Open, Cannes FRA 1998 (40)}) (8. e4 $1
{Alterman} f5 (8... O-O 9. Nge2 f5 10. Ng3 e6 11. a4 c4 12. a5 Qc5 13. Bf4 e5
14. Bg5 Nf7 15. Bd2 $11 {1-0 Summerscale,A-Benitah,Y/Franz.
Mannschaftsmeisterschaft sp 1996 (36)}) 9. exf5 Nxf5 10. g4 Nd4 (10... Nd6 11.
h4 Nf7 12. Ne4 d6 13. c3 Na6 14. a4 Bd7 $132 {0-1 Orzechowski,J-Wismont,R/
Lubniewice POL 1998 (30)}) (10... Nh6 11. d6 e6 12. Nb5 Na6 13. Be3 {1/2-1/2
Hodgson,J-Nunn,J/Oxford 1998/CBM 69 (13)}) 11. Ne4 O-O (11... e6 12. d6 O-O 13.
c3 Ndc6 14. h4 $16) 12. c3 Nb5 13. Be3 Nd6 14. Nxd6 Qxd6 15. Qd2 b6 16. O-O-O
Bb7 17. h4 e6 18. c4 exd5 19. cxd5 Na6 $132 {1/2-1/2 Orzechowski,J-Pedzich,D/
Lubniewice POL 1998 (31)}) 8... c4 {'!?' Alterman.} (8... Qa5 $5 {Alterman} 9.
Qd2 (9. Bd2 Nc4 $15) (9. e4 Bxc3+ 10. bxc3 Qxc3+ 11. Bd2 Qg7 $15) (9. Qd3 c4 (
9... Nb5 10. Bd2 Nxc3 11. Bxc3 Bxc3+ 12. Qxc3 Qxc3+ 13. bxc3 d6 14. Nf2 Nd7 15.
e4 $11) 10. Qd2 b5 11. e4 b4 12. Nd1 Ba6 (12... c3 13. bxc3 bxc3 14. Qf4 O-O
15. Bd3 Ba6 16. Nhf2 $132) 13. a3 c3 14. bxc3 bxc3 15. Qf2 O-O 16. Bxa6 Nxa6
17. O-O f5 $15) 9... b5 (9... Nc4 10. Qd3 Qb4 11. Rb1 Na3 12. Ra1 Nb5 13. a3
Qa5 14. Bd2 Nxc3 15. Bxc3 Bxc3+ 16. Qxc3 Qxc3+ 17. bxc3 d6 18. Nf2 Nd7 19. e4
$11) 10. e4 b4 11. Nd1 c4 12. c3 b3 13. Ne3 Ba6 14. a3 O-O 15. Be2 f5 $15) 9.
g3 (9. e4 O-O (9... Na6 $5 {Alterman} 10. Qe2 O-O 11. Nf2 e5 (11... f5 12. e5
Nf7 13. f4 $14) 12. dxe6 dxe6 13. e5 Nf5 14. Qxc4 Bxe5 $15) 10. Be2 (10. Qe2 e5
11. dxe6 dxe6 12. e5 Nf5 13. f4 (13. Qxc4 Bxe5 $15) 13... Nd4 14. Qf2 Nbc6 15.
Bxc4 Nb4 16. O-O Nbxc2 17. Rb1 Bd7 18. Rd1 Rac8 19. Bd3 Rfd8 $132) 10... f5 11.
Nf2 Qc5 (11... Bd4 12. O-O fxe4 13. Na4 Bxf2+ 14. Rxf2 Qa5 15. Nc3 $16) (11...
fxe4 12. Nfxe4 Nxe4 13. Nxe4 Bxb2 14. Rb1 Qa5+ 15. Bd2 $36) (11... Bxc3+ 12.
bxc3 fxe4 13. O-O $44) 12. O-O (12. a4 Bd4 13. O-O fxe4) 12... b5 $13) 9... Na6
(9... O-O 10. Bg2 (10. e4 f5 11. Bg2 fxe4 12. fxe4 Nf7 13. Rf1 d6 14. Nf4 Ne5
$17) 10... Nf5 11. Qd2 d6 12. Nf2 Nd7 $13) 10. Bg2 (10. e4 O-O 11. Bg2 f5 12.
Nf2 Bd4 (12... Nc5 13. Qe2) 13. Qe2 Bxf2+ (13... fxe4 14. Nfxe4 Nxe4 15. Nxe4
Bxb2 (15... Nc5 16. Nxc5 Qxc5 17. c3 Bg7 18. f4 $16) 16. Bxb2 Qxb2 17. O-O $44)
14. Qxf2 Qxf2+ 15. Kxf2 fxe4 16. Bf4 exf3 17. Bxf3 Nf5 $15) 10... Nf5 11. e4 (
11. Qd2 $142 O-O (11... Bd4 12. Nd1) 12. Nf2) 11... Ne3 12. Qe2 Nxg2+ 13. Kf1 (
13. Qxg2 O-O 14. Qe2 d6 $17 {><Ke1}) 13... Ne1 $2 (13... Nh4 14. gxh4 Bxc3 15.
bxc3 Qf6 $17) 14. Qxe1 d6 15. Nf4 (15. Kg2 Bxh3+ (15... O-O 16. Nf2 {/\h4}) 16.
Kxh3 O-O 17. Kg2 $13 {/\Qe2}) (15. Nf2 Bd7 16. Kg2 Nc7 $13) 15... e5 16. dxe6
fxe6 17. Kg2 O-O (17... Bd7 $6 {(/\0-0-0)} 18. Qe2 Qc6 19. Nfd5 $13) 18. h4 Qc6
19. Be3 (19. a4 $5) 19... b5 20. a3 Nc7 21. Rd1 (21. h5 g5 22. h6 Bxc3 $1 (
22... Be5) 23. Qxc3 e5 24. Nd5 Nxd5 25. exd5 Qxd5 26. Bxg5 Bb7 27. Rhf1 Rf7 28.
Rad1 $140 Rxf3 $1) 21... Bb7 $2 (21... a5 22. Qd2 (22. h5 g5 23. h6 Be5 24.
Nfe2 g4 25. fxg4 b4 $19) 22... b4 23. Nce2 d5 24. exd5 Nxd5 25. Nxd5 Qxd5 26.
Qxd5 exd5 27. Bd4 c3 $1 28. bxc3 bxa3 $13) 22. h5 (22. Bd4 Bxd4 (22... e5 23.
Nfd5 Rf7 24. Be3 $16) 23. Rxd4 Rad8 (23... a5 24. Qd1 $1 Rad8 25. e5 d5 26. Ne4
$16) 24. Qe2 Qc5 $15 {/\a5}) 22... g5 23. h6 Be5 (23... Bxc3 24. Qxc3 Rf7 25.
Rh5 $1 (25. Ng6 e5 $8 26. Nxe5 dxe5 27. Qxe5 Qf6 28. Qxf6 Rxf6 29. Rd7 Rf7 30.
Rhd1 Raf8 31. Rxf7 Rxf7 32. Bxg5 $14) 25... gxf4 26. Rg5+ Kf8 27. Rxd6 Qxd6 28.
Bc5 $16) 24. Nfe2 g4 25. f4 $2 (25. fxg4 a5 26. Rh5 b4 27. Rg5+ Kh8 28. Bd4 $1
bxc3 29. Bxe5+ $1 (29. Rxe5 dxe5 30. Bxe5+ Kg8 31. Nxc3 Rf7 32. Qe3 Ne8 33.
Qg5+ Kf8 34. Bd4 Rc8 $17) 29... dxe5 30. Rxe5 cxb2 31. Qc3 Kg8 32. Qxb2 (32.
Rg5+ Kf7 33. Rf1+ Ke8 34. Rxf8+ Kxf8 35. Qf6+ Ke8 36. Rg8+ Kd7 37. Qg7+ Kd6 38.
Qd4+ Nd5 39. Rg7 Qb5 40. Nc3 b1=Q $19) 32... Rf7 (32... Kf7 33. Nd4 $40) 33.
Rf1 Rxf1 34. Rg5+ Kf8 35. Qg7+ Ke8 36. Kxf1 Qxe4 37. Qxc7 Qg2+ 38. Ke1 Qh1+ 39.
Kd2 Qxh6 40. Qf4 $16) 25... Bf6 26. Bd4 $2 (26. Qd2 d5 (26... Rfd8 27. Rhf1 Qe8
(27... a5 28. Bd4) 28. Bd4 $16) (26... a5 27. Qxd6 b4 28. axb4 Qxd6 (28... Nd5
29. Nxd5 Qxd6 30. Nxf6+ Rxf6 31. Rxd6) 29. Rxd6 axb4 30. Rb6 Rab8 31. Rxb4 Bxc3
32. Nxc3 Bxe4+ 33. Nxe4 Rxb4 34. Rh4 $1 $16) (26... Rad8 27. Bxa7 e5 28. Rhf1
d5 29. fxe5 dxe4 30. Qe3 $16) 27. Nd4 Qe8 28. e5 Be7 $13 29. b4 $140 a5) 26...
e5 $17 27. fxe5 (27. Be3 a5) 27... dxe5 28. Be3 a5 29. Kg1 (29. Nd5 Nxd5 30.
exd5 Qd7 $17) (29. Rf1 b4) 29... Qe6 (29... Rad8 30. Rxd8 Rxd8 31. Rh2 b4 32.
Nd1 Qxe4 33. Bb6 Rd7 34. axb4 axb4 35. Bxc7 Rxc7 36. Qxb4 Bg5 $19) 30. Rh2 b4
31. Na4 (31. Nd5 Bxd5 32. exd5 Nxd5 $19) 31... Be7 (31... Bxe4 32. Nc5 Qc6) 32.
Nc5 Qb6 $19 33. Rh5 (33. Nxb7 Qxe3+ 34. Rf2 Rf3 $19) 33... Bxc5 34. Nd4 Bxd4
35. Rxd4 exd4 36. Qd1 dxe3 37. Qxg4+ Qg6 38. Rg5 Ra6 0-1

[Event "Olympiad-42"]
[Site "Baku"]
[Date "2016.09.10"]
[Round "8.2"]
[White "Torre, Eugenio"]
[Black "Salgado Lopez, Ivan"]
[Result "1-0"]
[WhiteElo "2447"]
[BlackElo "2662"]
[Annotator "Moradiabadi,E"]
[PlyCount "79"]
[EventDate "2016.09.02"]
[EventType "team-swiss"]
[EventRounds "11"]
[EventCountry "AZE"]
[SourceTitle "CBM 175"]
[Source "ChessBase"]
[SourceDate "2016.11.10"]
[SourceVersion "1"]
[SourceVersionDate "2016.11.10"]
[SourceQuality "1"]
[WhiteTeam "Philippines"]
[BlackTeam "Spain"]
[WhiteTeamCountry "PHI"]
[BlackTeamCountry "ESP"]

{Legendary GM Eugenio Torre had a great run at 42nd Chess Olympiad. Throughout
the event, he stayed solid and faithful to his "offbeat" choice with the white
pieces. In this game he opted for the Trompowsky.} 1. d4 Nf6 {} 2. Bg5 {} g6
{An odd choice by Salgado.} (2... d5 {is more popular} 3. e3 c5 4. Bxf6 gxf6 {
with ambitious play for Black.}) (2... e6 {is another popular choice too which
after} 3. Nd2 c5 4. e3 {transposes into the "Torre Attack", named after the
Mexican GM Carlos Torre!}) 3. Bxf6 exf6 4. e3 Bg7 5. Ne2 {Not that odd. White
is going to fianchetto his bishop anyway.} f5 (5... b6 {preventing the
fianchetto is not a sound idea.} 6. Nf4 Bb7 7. h4 h5 8. Be2 $14 {1-0 (41)
Martin,A (2433)-Graham,D (2224) Birmingham 2005}) 6. g3 d5 7. Bg2 c6 8. O-O h5
$146 (8... Nd7 {[%csl Gf6][%cal Gd7f6,Gf6e4,Yf6d5] is the most popular
continuation in this position} 9. Nd2 O-O 10. c4 Nf6 11. Nf4 dxc4 12. Nxc4 Ne4
{with a complex but balanced middlegame.}) 9. c4 {A typical reaction by Torre.
He decides to react to Black's kingside assault with a counterpunch in centre.}
dxc4 10. Na3 (10. Nd2 {should be equally good since b5 is not a plausible move.
} Be6 $6 {is not sound either because} (10... b5 $2 11. a4 {[%cal Gg2a8] and
the pressure over the diagonal is overwhelming.}) 11. Nf4 {and White will be
better after winning back his pawn.}) 10... h4 11. Nxc4 {} hxg3 12. hxg3 {}
Be6 13. Qd3 {} Bd5 14. Rfe1 $6 {The right plan, wrong timing. Obviously,
White has to react in the centre but this move is no more than a waste of a
tempo.} ({Instead White had to go for} 14. Nf4 Bxg2 15. Kxg2 g5 16. Nh3 $1 {
when} b5 17. Nd2 Qd5+ 18. e4 $1 Qxd4 (18... fxe4 19. Qxe4+ Qxe4+ 20. Nxe4 g4 (
20... Bxd4 21. Nd6+ $1 Kf8 (21... Ke7 $4 22. Nf5+ $18) 22. Nxg5 $18) 21. Nhg5
$1 Bxd4 22. Rad1 $1 c5 23. b4 $16 {and White is dominating}) 19. Qxd4 Bxd4 20.
Nxg5 Bxb2 {Maybe Torre could not evaulate this position. Nevertheless, this
position is much better for White.} 21. Rae1 $1 f4 {and now comes a typical
move which is easy to miss:} (21... fxe4 22. Ndxe4 O-O 23. Nd6 Bf6 (23... Nd7
24. Rh1 {and suddenly White has a lot of mating threats.} a5 25. Nf5 Rfe8 (
25... Bf6 26. Rh7 $1 {[%cal Gf5h6] and mate follows!}) 26. Rxe8+ Rxe8 27. Rh7
Ne5 28. f4 Ng4 29. Kf3 $1 Bf6 30. Kxg4 Bxg5 31. Rg7+ $18) 24. Nge4 Nd7 25. Rh1
Bg7 26. Rh5 f6 27. Reh1 Ne5 28. Nf5 {and White is strategically winning since
Rh7 and f4 are unstoppable. Black is completely dominated.}) 22. e5 $1 Nd7 23.
e6 Ne5 24. exf7+ Kf8 25. gxf4 Nxf7 26. Ne6+ Kg8 27. Ne4 $16) 14... Na6 15. Rac1
Bxg2 {} 16. Kxg2 {} Qd5+ {} 17. f3 O-O (17... Qd7 {followed by long
castling is what engines suggest but it is hard to believe Black has so much
in the h-file to take such a risky decision.}) 18. Nf4 Qb5 19. a3 $1 {Torre
stops Black's active play with ...Nb4.} c5 $6 {Too ambitious. Black's knight
is far from the centre and because of this fact White's central pawns could
become dangerous. Given the fact that Black does not get much by opening up
the a1-h8 diagonal, this move is a serious inaccuracy.} 20. d5 (20. b4 $1 cxb4
21. Qb3 {is a very strong but 'hard to find' continuation for White. It would
have revealed the weakness of Black's 19th move instantly.}) 20... Qd7 21. d6
b5 22. Na5 Rab8 {} 23. Rcd1 {Torre has prepared his troops for e4. However,
it was not really necessary to invest a tempo to protect d6. 23.e4 would have
given White a winning position right away.} (23. e4 $1 {The b2-pawn is
completely irrelevant to the where the main action is taking place.} Bxb2 24.
Rcd1 c4 25. Qd5 {and White completely dominates the board.}) 23... Rfd8 $2 {
This returns the favour for the last time! After this hasty move, Black is
lost instantly!} (23... Rb6 {is a must!} 24. e4 Re8 25. Nd5 Qxd6 26. Nxb6 Qxd3
27. Rxd3 axb6 28. Nb7 c4 29. Rd6 Bxb2 30. Rxb6 Re6 {is definitely better for
White, but to win this over the board is a different story.}) 24. e4 $1 {
Of course!} fxe4 25. Qxe4 {[%cal Ga5c6] Now material loss is inevitable.} Rb6
26. Nd5 Rxd6 {} 27. Ne7+ {} Kf8 {} 28. Rxd6 {} Qxd6 {} 29. Nb7 Qd2+ {}
30. Re2 {} Rd4 $2 {Salgado plays this fast and prays that Torre will miss the
win but...} 31. Nxg6+ $1 {Torre would not miss such a primitive win in his
good form!} Kg8 32. Qe8+ {The rest is just an easy win for Torre.} Kh7 33. Rxd2
{} Rxd2+ {} 34. Kh3 fxg6 {} 35. Qxb5 {} Rxb2 {} 36. Qxa6 {} c4 {} 37.
Nc5 {} c3 {} 38. Qxa7 {} Re2 39. Qc7 c2 40. Nd3 {Neat play by Torre,
Salgado's approach in this game was too risky and he was punished by Torre's
'simple chess'!} 1-0

[Event "Biel Credis"]
[Site "Biel"]
[Date "1996.??.??"]
[Round "5"]
[White "Casagrande, Harald"]
[Black "Gallagher, Joseph G"]
[Result "0-1"]
[WhiteElo "2365"]
[BlackElo "2530"]
[Annotator "Mowsziszian,K"]
[PlyCount "79"]
[EventDate "1996.07.22"]
[EventType "tourn"]
[EventRounds "11"]
[EventCountry "SUI"]
[EventCategory "10"]
[SourceTitle "CBM 055"]
[Source "ChessBase"]
[SourceDate "1996.12.01"]
[SourceVersion "1"]
[SourceVersionDate "1996.12.01"]
[SourceQuality "1"]

1. d4 Nf6 2. Bg5 Ne4 3. h4 c5 4. dxc5 (4. e3 Qa5+ (4... d5 5. Nd2 Qa5 6. c3
Nxd2 7. Qxd2 Nc6 8. Bd3 e5 9. dxe5 Nxe5 10. Nf3 Nxd3+ 11. Qxd3 Be6 12. e4 dxe4
13. Qxe4 Qa6 {0-1 Lindam,I-Schoen,W/Porz op (04) ;EXT 92op 1992 (33)}) 5. c3
cxd4 (5... Nxg5 6. hxg5 cxd4 7. g6 dxe3 8. gxf7+ Kd8 9. fxe3 Qg5 10. Qf3 Nc6
11. Rh5 Qf6 12. Rf5 Qg6 13. Nh3 e6 14. Rg5 Qc2 15. Qg3 Qxb2 16. Rxg7 Qxa1 17.
Bd3 Nb4 {0-1 Yung,KO-Kharitonov,A/Moscow4 ;TD 91\03 1991 (29)}) 6. exd4 Nxg5 7.
hxg5 Qxg5 8. Nf3 Qf6 9. Bc4 Nc6 10. Nbd2 e6 11. Qe2 Na5 12. Bd5 Qe7 13. O-O-O
exd5 14. Qb5 Qd8 15. Rhe1+ Be7 16. Rxe7+ Kxe7 17. Qxd5 Nc6 18. Ng5 Qf8 19. Re1+
Kd8 20. Nxf7+ Kc7 21. Re8 Qxe8 22. Qd6+ Kb6 23. Nc4+ {1-0 Lindam,I-Weber,Mi/
Porz op26 (01) ;EXT 91op 1991}) (4. Nf3 Qa5+ 5. c3 cxd4 6. Qxd4 d5 7. b4 Qd8 8.
g3 f6 9. Be3 Nc6 10. Qd1 e5 11. a3 Be7 12. Bg2 Be6 13. Nfd2 Nxc3 14. Nxc3 d4
15. b5 Na5 16. Bxd4 Qxd4 {0-1 Paasikangas,J-Skripchenko,A/Kishinev ztW (01) ;
EXT 95 1995 (31)}) 4... Qa5+ (4... Nc6 5. Nd2 Nxc5 6. e4 d6 7. Ngf3 Bg4 8. c3
g6 9. Be3 Bg7 10. Bxc5 dxc5 11. Qb3 Qc7 12. Qd5 O-O 13. Qxc5 Rad8 {1/2-1/2
Miladinovic,I-Sulskis,S/Moscow olm (03) YUG-LTU ;EXP 44 1994 (43)}) (4... Nxg5
5. hxg5 Qa5+ (5... Na6 6. Nf3 Nxc5 7. Nc3 Qa5 8. Rh4 Ne6 9. g6 fxg6 10. Qd3 g5
11. b4 Qa3 12. Rc4 g6 13. Nxg5 Nxg5 14. Qd4 Rg8 15. Nb5 Ne6 16. Qd5 Qb2 17. Rd1
Kf7 18. e3 Bg7 {0-1 Wall,T-Plaskett,J/BCF-ch Eastbourne ;EXT 90ch 1990 (25)})
6. Nc3 Nc6 7. g6 fxg6 8. e3 Qxc5 9. Bd3 Ne5 10. Nf3 Nxd3+ 11. Qxd3 d6 12. O-O-O
Bf5 13. Qb5+ Qxb5 14. Nxb5 Rc8 {0-1 Depasquale,C-West,G/AUS-ch op (11) ;EXT
93ch 1993 (42)}) (4... Nxc5 5. Nf3 Nc6 6. Nbd2 d6 7. e4 h6 8. Be3 Bg4 9. e5 e6
10. exd6 Bxd6 11. Nc4 Be7 12. Qxd8+ Rxd8 13. Nce5 Bxf3 14. Nxf3 O-O 15. Bb5 {
1-0 Bukal,VJ-Jazbinsek,S/Bled op (09) ;EXP 46 1995 (49)}) (4... h6 5. Be3 e6 6.
Nd2 Nxc5 7. Ngf3 d5 8. c3 b6 9. g3 Bb7 10. Bg2 Be7 11. O-O O-O 12. c4 Nbd7 13.
cxd5 Bxd5 14. b4 Ne4 15. Nxe4 Bxe4 {1/2-1/2 Miladinovic,I-Svidler,P/JUG-chT
Tivat (06) ;EXP 48 1995 (20)}) 5. Nd2 Nxg5 (5... Nxc5 6. c3 Qc7 7. e4 d6 8. b4
Ncd7 9. Ngf3 Nc6 10. Nd4 a6 11. h5 h6 12. Be3 e6 13. Bc4 Nf6 14. Rc1 Be7 15. b5
Ne5 {0-1 Casagrande,H-Loginov,V/Velden op (06) ;EXT 95op 1995 (39)}) (5... e6
6. c3 (6. e3 Bxc5 7. Bd3 Nxd2 8. Qxd2 Qxd2+ 9. Kxd2 f6 10. Bf4 e5 11. Bg3 d5
12. Rd1 Be6 13. Ne2 Nc6 14. Nc1 O-O-O {1-0 Villing,D-Jacob,V/VLNBaden 9293 
(1993) ;GER 04 1993 (56)}) 6... Nxg5 7. hxg5 Qxc5 8. Ngf3 Nc6 9. Qc2 Qb6 10.
O-O-O g6 11. Ne4 Be7 12. e3 d5 13. Nf6+ Bxf6 14. gxf6 Qd8 {0-1 Naumann,
F-Nikolaev,S/HUN-chop Gyor (05) ;EXT 90ch 1990 (41)}) (5... Nc6 6. c3 Nxg5 7.
Nb3 Qd8 8. hxg5 g6 9. Nf3 Bg7 10. e3 a5 11. a4 b6 12. Bb5 Bb7 13. Qd3 Qc7 14.
O-O-O Rd8 15. cxb6 Qxb6 16. Rh4 d5 17. Nfd4 {1-0 Hansen,MS-Olsen,N/Lyngby op 
(09) ;EXT 90op 1990 (43)}) 6. hxg5 g6 (6... Qxc5 7. Ngf3 d5 8. e3 Nc6 9. Nb3
Qd6 10. Qd2 e5 11. O-O-O Be6 12. Bb5 O-O-O 13. Bxc6 bxc6 14. Qa5 Rd7 15. Qa6+
Kb8 16. Na5 f6 17. Rd3 {1-0 Engqvist,T-Ostergaard,D/Rilton Cup ;TD 87\05 1987 
(35)}) 7. Ngf3 (7. Rh4 Nc6 8. Rc4 Bg7 9. c3 Ne5 10. Nb3 Qc7 11. Rh4 a5 12. a4
b6 13. cxb6 Qxb6 14. Nf3 Nxf3+ 15. exf3 Qe6+ 16. Re4 Qf5 17. Qd2 Bb7 18. O-O-O
O-O 19. Rxe7 {1-0 Hodgson,J-Pein,M/London Lloyds ;EXT 90op 1990 (41)}) 7... Bg7
8. c3 Qxc5 9. b4 (9. e4 Nc6 10. Nb3 (10. Nc4 b5 11. Ne3 b4 12. Qd5 Qxd5 13.
exd5 Ne5 14. Ng1 bxc3 15. f4 cxb2 16. Rb1 O-O 17. fxe5 Bxe5 {0-1 West,G-Lau,R/
Thessaloniki olm (02) ;TD 88\06 1988 (53)}) 10... Qb6 11. Qd2 Qc7 12. Be2 a6
13. O-O-O b5 14. Kb1 d6 15. Rh4 Qb6 16. Rdh1 Kf8 17. Rf4 Nd8 {1/2-1/2 Jirovsky,
Pa-Ciemniak,R/EU-chJ Denmark ;EXT 91ch 1991 (46)}) (9. e3 Nc6 (9... d6 10. Bd3
Nc6 11. Rh4 Be6 12. Qe2 a6 13. Nb3 Qb6 14. Nbd4 Bd7 15. Rd1 Qc7 16. Qc2 Rc8 17.
Ke2 Kf8 18. Rdh1 Kg8 19. Qb1 {0-1 Lindestrom,T-Purtov,A/Budapest Multicoop op 
(09) ;EXT 92op 1992 (40)}) (9... b6 10. Qa4 Bb7 11. O-O-O a6 12. Qf4 b5 13. Nb3
Qc6 14. Ne5 Qe6 15. Nd3 d6 16. Rh4 Nc6 17. Qh2 Ne5 18. Rxh7 O-O-O 19. Rxh8 Rxh8
20. Qf4 Rh1 {0-1 Depasquale,C-Fuller,M/AUS-ch Melbourne (10) ;EXT 91ch 1991 
(53)}) 10. Nb3 Qb6 11. a4 d6 12. a5 Qc7 13. Ra4 Bd7 14. Qa1 h5 15. gxh6 Rxh6
16. Rxh6 Bxh6 17. a6 Rb8 18. Nbd4 Bg7 19. axb7 Nxd4 20. Nxd4 Rxb7 21. Ra2 e5
22. Nc2 Be6 23. Ra6 Qb8 24. Qa5 Bf6 25. Nb4 Bd8 26. Qa4+ Bd7 27. Qd1 Be7 28.
Be2 Rb6 {1/2-1/2 Hodgson,J-Nunn,J (02)/ENG-ch m ;CBM 28 1991}) 9... Qc7 (9...
Qxc3 $4 {. Manchmal passiert so etwas} 10. Rc1 Qxb4 11. Rxc8#) 10. e3 d6 11.
Rc1 Nd7 12. Nd4 a6 13. c4 (13. Qb3 $5 {/\f4,Lc4}) 13... Qb6 14. c5 $6 dxc5 15.
bxc5 Nxc5 16. Bc4 O-O 17. Qf3 Qb2 18. Rb1 Qc3 19. Rh4 e5 20. N4b3 Nxb3 21. Rxb3
Qc1+ 22. Ke2 Bf5 23. e4 Rad8 24. Bd5 Rxd5 $1 25. exd5 Bc2 {/\Ld1} 26. Rc4 e4
27. Nxe4 Re8 28. Rxc2 Qxc2+ 29. Ke3 Qc1+ 30. Ke2 Qxg5 $2 (30... Qc4+ $1 31. Ke3
f5 $1 32. gxf6 Bh6+) 31. Re3 Qd8 (31... Qxd5 $2 32. Nf6+) 32. d6 f5 33. Ng5
Rxe3+ 34. Qxe3 Bf6 35. Qe6+ Kg7 36. Nf7 $2 (36. Qf7+ Kh6 37. Nxh7 Be5 38. d7
$13) 36... Qa5 37. d7 Qb5+ 38. Kf3 Qb2 $2 (38... Qd3+ 39. Qe3 Qxd7) 39. d8=Q
Bxd8 40. Nxd8 $138 {Beide Spiler waren während der letzten 10 Züge in Zeitnot.}
0-1